<?xml version="1.0" encoding="UTF-8"?>
<collection xmlns="http://www.loc.gov/MARC21/slim">
<record>
  <controlfield tag="001">75902</controlfield>
  <controlfield tag="005">20220215103548.0</controlfield>
  <datafield tag="024" ind1="8" ind2=" ">
    <subfield code="2">sideral</subfield>
    <subfield code="a">106864</subfield>
  </datafield>
  <datafield tag="037" ind1=" " ind2=" ">
    <subfield code="a">ART-2018-106864</subfield>
  </datafield>
  <datafield tag="041" ind1=" " ind2=" ">
    <subfield code="a">spa</subfield>
  </datafield>
  <datafield tag="100" ind1=" " ind2=" ">
    <subfield code="a">Gonzalez-Varas Ibañez, Alejandro</subfield>
    <subfield code="u">Universidad de Zaragoza</subfield>
    <subfield code="0">(orcid)0000-0001-8815-2102</subfield>
  </datafield>
  <datafield tag="245" ind1=" " ind2=" ">
    <subfield code="a">Roca, María J.: La libertad religiosa negativa. La apostasía en el Derecho confesional y comparado. Tirant lo Blanch. Valencia, 2017. 185 pp. ISBN: 978-84-9053-531-8.</subfield>
  </datafield>
  <datafield tag="260" ind1=" " ind2=" ">
    <subfield code="c">2018</subfield>
  </datafield>
  <datafield tag="506" ind1="0" ind2=" ">
    <subfield code="a">Access copy available to the general public</subfield>
    <subfield code="f">Unrestricted</subfield>
  </datafield>
  <datafield tag="520" ind1="3" ind2=" ">
    <subfield code="a">La apostasía ha sido tradicionalmente uno de los aspectos de interés común tanto para la Iglesia como para las autoridades estatales, hasta tal punto que la consideración que la comunidad política y la eclesiástica han hecho de este instituto haya llegado a poner en entredicho, en ocasiones, la autonomía entre ellas. En efecto, si históricamente un acto jurídico propio del ordenamiento canónico como la apostasía era tomada en consideración por los ordenamientos civiles con el fin de perseguir al apóstata en aras de la defensa de la fe que esas autoridades se arrogaban, ahora el abandono del propio credo pretende erigirse -en ciertos casos- en título para el ejercicio de algunos derechos civiles. Ejemplo de ello es que en algunos países centroeuropeos y nórdicos existe un impuesto religioso recaudado por el propio Estado y, por eso mismo, los poderes públicos han regulado el modo de apostatar de la Iglesia. A su vez, el Derecho canónico ha tenido que reaccionar aclarando qué se entiende por apostasía y cuándo una persona de se considera que ya no está en comunión con la Iglesia...</subfield>
  </datafield>
  <datafield tag="540" ind1=" " ind2=" ">
    <subfield code="9">info:eu-repo/semantics/openAccess</subfield>
    <subfield code="a">All rights reserved</subfield>
    <subfield code="u">http://www.europeana.eu/rights/rr-f/</subfield>
  </datafield>
  <datafield tag="655" ind1=" " ind2="4">
    <subfield code="a">info:eu-repo/semantics/review</subfield>
    <subfield code="v">info:eu-repo/semantics/publishedVersion</subfield>
  </datafield>
  <datafield tag="710" ind1="2" ind2=" ">
    <subfield code="1">4005</subfield>
    <subfield code="2">145</subfield>
    <subfield code="a">Universidad de Zaragoza</subfield>
    <subfield code="b">Dpto. Derecho Público</subfield>
    <subfield code="c">Área Dcho.Eclesiástico Estado</subfield>
  </datafield>
  <datafield tag="773" ind1=" " ind2=" ">
    <subfield code="g">47 (2018), [6 pp]</subfield>
    <subfield code="p">Rev. gen. derecho canón. derecho ecles. estado</subfield>
    <subfield code="t">REVISTA GENERAL DE DERECHO CANONICO Y DERECHO ECLESIASTICO DEL ESTADO</subfield>
    <subfield code="x">1696-9669</subfield>
  </datafield>
  <datafield tag="856" ind1="4" ind2=" ">
    <subfield code="s">158013</subfield>
    <subfield code="u">http://zaguan.unizar.es/record/75902/files/texto_completo.pdf</subfield>
    <subfield code="y">Versión publicada</subfield>
  </datafield>
  <datafield tag="856" ind1="4" ind2=" ">
    <subfield code="s">79557</subfield>
    <subfield code="u">http://zaguan.unizar.es/record/75902/files/texto_completo.jpg?subformat=icon</subfield>
    <subfield code="x">icon</subfield>
    <subfield code="y">Versión publicada</subfield>
  </datafield>
  <datafield tag="856" ind1="4" ind2="1">
    <subfield code="u">https://www.iustel.com/v2/revistas/detalle_revista.asp?id_noticia=420338&amp;d=1</subfield>
    <subfield code="z">Texto completo de la revista</subfield>
  </datafield>
  <datafield tag="909" ind1="C" ind2="O">
    <subfield code="o">oai:zaguan.unizar.es:75902</subfield>
    <subfield code="p">articulos</subfield>
    <subfield code="p">driver</subfield>
  </datafield>
  <datafield tag="951" ind1=" " ind2=" ">
    <subfield code="a">2022-02-15-10:04:47</subfield>
  </datafield>
  <datafield tag="980" ind1=" " ind2=" ">
    <subfield code="a">ARTICLE</subfield>
  </datafield>
</record>
</collection>